00563nam a2200205Ia 4500008004100000020001800041050001600059050001400075100001500089245005000104245001600154260001600170260004000186260000900226300001600235300001100251500005100262650002100313650002300334180523s9999 xx 000 0 und d a81-7179-802-2 aMAIN RA 976 b.M64 2001 aMogli, GD. 0aMedical records organization and management / 0cG.D. Mogli. aNew Delhi : bJaypee Brothers Medical Publishers, c2001 a404 pages : c22 cm. aIncludes bibliographical references and index. aMedical records. xMedical protocols.